[Event "2. BUNDESLIGA MITTE 2014/2015"]
[Site "Fuerstenfeld"]
[Date "2015.04.17"]
[Round "9"]
[Board "2"]
[White "Handler, Lukas"]
[Black "Moser, Guenter"]
[Result "1-0"]
[WhiteElo "2389"]
[BlackElo "2352"]
[PlyCount "79"]
[EventDate "2014.10.03"]
[EventType "team"]
[EventRounds "11"]
[EventCountry "AUT"]
[WhiteTeam "SC MPOE Maria Saal II"]
[BlackTeam "Union Ansfelden"]

1. Nf3 f5 2. d4 Nf6 3. g3 g6 4. Bg2 Bg7 5. O-O O-O 6. b3 c6 7. Bb2 Na6 8. Nbd2
Nc7 9. Re1 d5 10. Ne5 Nce8 11. c4 Be6 12. Ndf3 Ne4 13. Rc1 g5 14. cxd5 Bxd5 15.
Nd3 g4 16. Nfe5 N4d6 17. f3 gxf3 18. exf3 Nf6 19. Rc2 Rc8 20. Nf4 Re8 21. Ned3
b6 22. Kh1 Rc7 23. Nb4 Qd7 24. Nbxd5 cxd5 25. Rce2 Bh6 26. Ne6 Rc6 27. Bh3 Nh5
28. Qb1 Ng7 29. g4 Nxe6 30. Rxe6 Bg7 31. gxf5 Bf6 32. Qd3 Kh8 33. Bc1 Rec8 34.
Bf4 Rc3 35. Qd1 Rf8 36. Bg4 Nf7 37. Qd2 Qc8 38. Rxe7 Rc2 39. Qd1 Rxa2 40. R7e6
 1-0

[Event "2. BUNDESLIGA MITTE 2014/2015"]
[Site "Fuerstenfeld"]
[Date "2015.04.17"]
[Round "9"]
[Board "3"]
[White "Weiss, Christian"]
[Black "Halvax, Georg"]
[Result "1/2-1/2"]
[WhiteElo "2382"]
[BlackElo "2360"]
[PlyCount "91"]
[EventDate "2014.10.03"]
[EventType "team"]
[EventRounds "11"]
[EventCountry "AUT"]
[WhiteTeam "Union Ansfelden"]
[BlackTeam "SC MPOE Maria Saal II"]

1. c4 e6 2. Nf3 Nf6 3. e3 d5 4. b3 c5 5. Bb2 Be7 6. Be2 dxc4 7. bxc4 O-O 8. Nc3
b6 9. O-O Bb7 10. Qc2 Nc6 11. Rad1 a6 12. h3 Qc7 13. Qb1 Rab8 14. Nh2 Rfd8 15.
f4 Na7 16. e4 b5 17. e5 Ne8 18. Ng4 bxc4 19. Ne3 Nb5 20. Qc1 Nd4 21. Bxc4 g6
22. d3 Ng7 23. Rd2 Ngf5 24. Nxf5 Nxf5 25. Nd1 Bh4 26. Rc2 Rbc8 27. Ne3 Nd4 28.
Bxd4 Rxd4 29. Ng4 h5 30. Nh2 Bg3 31. Qe3 Bxh2+ 32. Kxh2 Kg7 33. h4 Qe7 34. Qg3
Rcd8 35. Kg1 Bd5 36. Bxa6 Ra8 37. Bc4 Ra3 38. Bxd5 Rxd5 39. Rf3 Qd8 40. Qg5
Qxg5 41. hxg5 Raxd3 42. Rxd3 Rxd3 43. Rxc5 Rd4 44. g3 Rd1+ 45. Kg2 Rd2+ 46. Kf3
 1/2-1/2

[Event "2. BUNDESLIGA MITTE 2014/2015"]
[Site "Fuerstenfeld"]
[Date "2015.04.17"]
[Round "9"]
[Board "4"]
[White "Tomazini, Zan"]
[Black "Mostbauer, Maximilian"]
[Result "1-0"]
[WhiteElo "2392"]
[BlackElo "2184"]
[PlyCount "120"]
[EventDate "2014.10.03"]
[EventType "team"]
[EventRounds "11"]
[EventCountry "AUT"]
[WhiteTeam "SC MPOE Maria Saal II"]
[BlackTeam "Union Ansfelden"]

1. e4 e6 2. d4 d5 3. Nd2 Nf6 4. e5 Nfd7 5. Bd3 c5 6. c3 Nc6 7. Ngf3 cxd4 8.
cxd4 f6 9. exf6 Nxf6 10. O-O Bd6 11. Re1 O-O 12. Nf1 Qc7 13. Bg5 Bd7 14. a3
Rae8 15. Bc2 Re7 16. Rc1 Bf4 17. Bxf4 Qxf4 18. Qd2 Qxd2 19. N1xd2 Rfe8 20. b4
e5 21. dxe5 Nxe5 22. Nxe5 Rxe5 23. Red1 Rc8 24. Nf3 Ree8 25. h3 Rxc2 26. Rxc2
Ba4 27. Rdc1 Bxc2 28. Rxc2 Re7 29. Rc8+ Kf7 30. Kf1 h6 31. Rd8 a6 32. Nd4 Re8
33. Rd6 Re4 34. Nb3 Rc4 35. Nc5 Rc3 36. Rb6 Rxa3 37. Rxb7+ Kg8 38. Ra7 Ne4 39.
Rxa6 Rc3 40. Nxe4 dxe4 41. Ke2 Rb3 42. Rb6 Kf7 43. b5 Ke7 44. Rb8 h5 45. b6 Kf6
46. b7 Kg6 47. h4 Kh7 48. Kd2 Kg6 49. Kc2 Rb6 50. Kc3 Rb1 51. Kd4 Rb4+ 52. Ke5
Kh7 53. Kf5 g6+ 54. Kf6 Rb6+ 55. Ke5 Rb4 56. Kd6 Rb1 57. Re8 Rxb7 58. Re7+ Rxe7
59. Kxe7 g5 60. Kf6 g4 1-0

[Event "2. BUNDESLIGA MITTE 2014/2015"]
[Site "Fuerstenfeld"]
[Date "2015.04.17"]
[Round "9"]
[Board "5"]
[White "Knoll, Hermann"]
[Black "Rieger, Robert"]
[Result "1/2-1/2"]
[WhiteElo "2314"]
[BlackElo "2293"]
[PlyCount "156"]
[EventDate "2014.10.03"]
[EventType "team"]
[EventRounds "11"]
[EventCountry "AUT"]
[WhiteTeam "Union Ansfelden"]
[BlackTeam "SC MPOE Maria Saal II"]

1. e4 c5 2. Nf3 Nc6 3. Bb5 e6 4. Bxc6 bxc6 5. O-O Ne7 6. b3 Ng6 7. Bb2 f6 8. e5
Be7 9. exf6 Bxf6 10. Bxf6 Qxf6 11. Nc3 O-O 12. Ne4 Qe7 13. d4 cxd4 14. Nxd4 e5
15. Ne2 d5 16. N4g3 Ba6 17. c4 dxc4 18. Qc2 cxb3 19. axb3 Bb5 20. Rfe1 Rad8 21.
Nc3 Bd3 22. Qa2 Qb4 23. Rac1 Rf7 24. Nce4 Nf4 25. Qa4 Qxa4 26. bxa4 Bxe4 27.
Rxe4 Nd3 28. Rxc6 Nxf2 29. Re1 Nd3 30. Rf1 Nf4 31. Rc2 Rfd7 32. Ne2 Nd5 33. Rd1
Ne3 34. Rxd7 Rxd7 35. Rc3 Ng4 36. Rc1 Rd2 37. Ng3 Ra2 38. h3 Ne3 39. Rc8+ Kf7
40. Rc7+ Kg6 41. Rc6+ Kg5 42. Ne4+ Kf4 43. Nf2 Ra1+ 44. Kh2 Nf1+ 45. Kg1 e4 46.
Rc7 Nd2+ 47. Kh2 e3 48. Nd3+ Ke4 49. Nc1 Kd5 50. Kg3 Kd6 51. Rc8 Kd7 52. Rc2
Rxa4 53. Nd3 Ra3 54. Ne5+ Ke6 55. Nc6 Kd5 56. Nb4+ Ke4 57. Rc7 Nf1+ 58. Kg4 Rb3
59. Re7+ Kd4 60. Nc6+ Kd5 61. Nxa7 Rb2 62. g3 Rf2 63. Nb5 Kc4 64. Nd6+ Kd3 65.
Ne4 Nh2+ 66. Kh4 Rc2 67. g4 Nf1 68. Ng5 Ke2 69. Rxg7 Kd1 70. Rxh7 e2 71. Nf3
Rc3 72. Rd7+ Kc1 73. Ne1 Nh2 74. g5 Nf3+ 75. Nxf3 Rxf3 76. Re7 Kd1 77. Rxe2
Kxe2 78. g6 Rf1 1/2-1/2

[Event "2. BUNDESLIGA MITTE 2014/2015"]
[Site "Fuerstenfeld"]
[Date "2015.04.18"]
[Round "10"]
[Board "1"]
[White "Horvath, Adam"]
[Black "Nemeth, Miklos"]
[Result "1/2-1/2"]
[WhiteElo "2530"]
[BlackElo "2472"]
[PlyCount "92"]
[EventDate "2014.10.03"]
[EventType "team"]
[EventRounds "11"]
[EventCountry "AUT"]
[WhiteTeam "RbEJ Gleisdorf"]
[BlackTeam "SV Steyregg"]

1. e4 e5 2. Nf3 Nc6 3. Bb5 a6 4. Ba4 Nf6 5. O-O b5 6. Bb3 Bc5 7. Nc3 d6 8. Nd5
h6 9. c3 O-O 10. d4 Ba7 11. Nxf6+ Qxf6 12. Bd5 Bb7 13. a4 exd4 14. cxd4 Bb6 15.
Be3 Rab8 16. axb5 axb5 17. Qd2 Rfe8 18. Rfe1 Qg6 19. h3 Nd8 20. Bxb7 Nxb7 21.
b4 d5 22. e5 Nd8 23. Nh4 Qh5 24. g3 g5 25. Nf5 Qxh3 26. Qd3 Ne6 27. Ra2 Ng7 28.
Nxg7 Kxg7 29. Rc2 Qd7 30. f4 Qg4 31. Rf1 Ra8 32. fxg5 Re7 33. gxh6+ Kh8 34. Kg2
Rg8 35. Rf3 Re6 36. Rcf2 Reg6 37. Bf4 c6 38. e6 Rxe6 39. Re3 Qg6 40. Qxg6 Rgxg6
41. Be5+ f6 42. Bf4 Rxe3 43. Bxe3 Bc7 44. Rf3 Kh7 45. Bd2 Bb6 46. Be3 Bc7
 1/2-1/2

[Event "2. BUNDESLIGA MITTE 2014/2015"]
[Site "Fuerstenfeld"]
[Date "2015.04.18"]
[Round "10"]
[Board "3"]
[White "Wegerer, Fred"]
[Black "Pierecker, Markus"]
[Result "1/2-1/2"]
[WhiteElo "2157"]
[BlackElo "2152"]
[PlyCount "37"]
[EventDate "2014.10.03"]
[EventType "team"]
[EventRounds "11"]
[EventCountry "AUT"]
[WhiteTeam "RbEJ Gleisdorf"]
[BlackTeam "SV Steyregg"]

1. e4 c5 2. Nf3 d6 3. Nc3 Nf6 4. Bb5+ Bd7 5. a4 Nc6 6. O-O e6 7. Re1 Be7 8. d4
cxd4 9. Nxd4 O-O 10. Be3 Qc7 11. h3 a6 12. Bf1 Nxd4 13. Qxd4 Bc6 14. Bd3 Rac8
15. Qb6 Qb8 16. Qb4 Qc7 17. Qb6 Qb8 18. Qb4 Qc7 19. Qb6 1/2-1/2

[Event "2. BUNDESLIGA MITTE 2014/2015"]
[Site "Fuerstenfeld"]
[Date "2015.04.18"]
[Round "10"]
[Board "5"]
[White "Sonnberger, Thomas"]
[Black "Forstner, Joerg"]
[Result "1/2-1/2"]
[WhiteElo "2162"]
[BlackElo "2110"]
[PlyCount "127"]
[EventDate "2014.10.03"]
[EventType "team"]
[EventRounds "11"]
[EventCountry "AUT"]
[WhiteTeam "RbEJ Gleisdorf"]
[BlackTeam "SV Steyregg"]

1. d4 Nf6 2. Nf3 g6 3. g3 Bg7 4. Bg2 d6 5. O-O O-O 6. c4 Nbd7 7. Nc3 c5 8. h3
cxd4 9. Nxd4 a6 10. Be3 Rb8 11. Rc1 Ne5 12. b3 Bd7 13. Qd2 Re8 14. Rfd1 Qc8 15.
Kh2 Nc6 16. Nd5 Nxd4 17. Bxd4 Nxd5 18. cxd5 Qd8 19. Bxg7 Kxg7 20. Qc3+ f6 21.
Qc7 Qxc7 22. Rxc7 Red8 23. Rd4 Kf7 24. e3 Kg7 25. Bf1 a5 26. b4 b6 27. Ba6 Ra8
28. b5 Kf8 29. Rdc4 Rab8 30. a4 g5 31. Kg2 Ke8 32. Bb7 Kf7 33. h4 h6 34. hxg5
hxg5 35. Rc1 Bf5 36. f3 Rd7 37. e4 Rxb7 38. Rxb7 Rxb7 39. exf5 Ke8 40. Kh3 Kd7
41. Kg4 Ke8 42. Kh5 Kf7 43. Rc8 Kg7 44. Kg4 Kh7 45. f4 gxf4 46. Kxf4 Kg7 47.
Kg4 Kh7 48. Kh5 Kg7 49. g4 Kh7 50. g5 fxg5 51. Kxg5 Kg7 52. Rc6 Kf7 53. f6
exf6+ 54. Kf4 Ke7 55. Kf5 Kd7 56. Kxf6 Rb8 57. Kf7 Rb7 58. Rc4 Rb8 59. Re4 Rh8
60. Re7+ Kd8 61. Re4 Kd7 62. Re7+ Kd8 63. Re4 Kd7 64. Re7+ 1/2-1/2

[Event "2. BUNDESLIGA MITTE 2014/2015"]
[Site "Fuerstenfeld"]
[Date "2015.04.18"]
[Round "10"]
[Board "6"]
[White "Holzmann, Herbert"]
[Black "Missethan, Michael"]
[Result "1/2-1/2"]
[WhiteElo "2041"]
[BlackElo "2099"]
[PlyCount "102"]
[EventDate "2014.10.03"]
[EventType "team"]
[EventRounds "11"]
[EventCountry "AUT"]
[WhiteTeam "SV Steyregg"]
[BlackTeam "RbEJ Gleisdorf"]

1. Nf3 Nf6 2. c4 e6 3. g3 d5 4. Bg2 dxc4 5. Qa4+ Nbd7 6. Qxc4 a6 7. Qc2 c5 8.
Nc3 Qc7 9. b3 b6 10. Bb2 Bb7 11. O-O Be7 12. Rfe1 O-O 13. e4 Rfd8 14. Rad1 Rac8
15. d3 b5 16. Qe2 Nb8 17. e5 Nd5 18. Ne4 Nc6 19. a3 Qb6 20. Nc3 Nd4 21. Nxd4
cxd4 22. Nxd5 Bxd5 23. Bxd5 Rxd5 24. Rc1 Rdd8 25. Qe4 Qb8 26. b4 Rxc1 27. Rxc1
Rc8 28. Rxc8+ Qxc8 29. Qxd4 h6 30. Qc3 Qd7 31. Bc1 Qb7 32. Be3 Qd7 33. h3 Kf8
34. Bc5 Ke8 35. Bxe7 Kxe7 36. Qc5+ Ke8 37. d4 Qb7 38. Qc3 Qd7 39. f3 Qb7 40.
Kf2 Qa7 41. h4 Kf8 42. Ke3 Qb7 43. Qc5+ Kg8 44. d5 exd5 45. Kd4 Qd7 46. g4 h5
47. Qxd5 Qa7+ 48. Qc5 Qd7+ 49. Qd6 Qe8 50. Qc5 Qd7+ 51. Qd5 Qa7+ 1/2-1/2

[Event "2. BUNDESLIGA MITTE 2014/2015"]
[Site "Fuerstenfeld"]
[Date "2015.04.18"]
[Round "10"]
[Board "1"]
[White "Kovacs, Gabor"]
[Black "Schmidt, Peter"]
[Result "1/2-1/2"]
[WhiteElo "2482"]
[BlackElo "2388"]
[PlyCount "62"]
[EventDate "2014.10.03"]
[EventType "team"]
[EventRounds "11"]
[EventCountry "AUT"]
[WhiteTeam "Union Styria Graz"]
[BlackTeam "Spg. Sauwald"]

1. c4 Nf6 2. Nf3 g6 3. g3 Bg7 4. Bg2 O-O 5. O-O c6 6. d3 d5 7. Nbd2 Nbd7 8. Qc2
e5 9. cxd5 cxd5 10. e4 dxe4 11. dxe4 b6 12. Re1 Qe7 13. b3 Ba6 14. Bf1 Rac8 15.
Qb1 Bb7 16. a4 Rfd8 17. a5 Nc5 18. axb6 axb6 19. Ba3 Nfd7 20. Ra2 Qf6 21. Bg2
Bf8 22. Bb2 b5 23. Ba1 Qb6 24. Bc3 Nxe4 25. Nxe4 Bxe4 26. Qa1 Qc6 27. Re3 Bd5
28. Nxe5 Nxe5 29. Bxd5 Rxd5 30. Bxe5 Qd7 31. Re1 h5 1/2-1/2

[Event "2. BUNDESLIGA MITTE 2014/2015"]
[Site "Fuerstenfeld"]
[Date "2015.04.18"]
[Round "10"]
[Board "2"]
[White "Renner, Christoph"]
[Black "Csonka, Attila"]
[Result "1-0"]
[WhiteElo "2351"]
[BlackElo "2331"]
[PlyCount "109"]
[EventDate "2014.10.03"]
[EventType "team"]
[EventRounds "11"]
[EventCountry "AUT"]
[WhiteTeam "Spg. Sauwald"]
[BlackTeam "Union Styria Graz"]

1. d4 Nf6 2. Nf3 e6 3. Bf4 b6 4. e3 Be7 5. h3 c5 6. c3 O-O 7. Nbd2 Bb7 8. Bd3
cxd4 9. cxd4 Ba6 10. Bxa6 Nxa6 11. O-O Nb4 12. a3 Nbd5 13. Bg3 b5 14. Qe2 a6
15. a4 Qb6 16. axb5 axb5 17. Rfc1 h6 18. Ne5 Rxa1 19. Rxa1 Rc8 20. Qd3 Nb4 21.
Qb3 d5 22. Bh4 Qc7 23. Bxf6 gxf6 24. Nef3 Qc2 25. Qxc2 Rxc2 26. Ra5 Nd3 27.
Rxb5 Bb4 28. Nf1 Rxb2 29. Ng3 Rc2 30. Rb6 Rc1+ 31. Nf1 Kg7 32. g4 Rc2 33. Ng3
Rxf2 34. Nh5+ Kf8 35. Nh4 Be1 36. Rb8+ Ke7 37. Rb7+ Kd6 38. Ng2 Rc2 39. Rxf7
Rc1 40. Kh2 e5 41. Rxf6+ Ke7 42. dxe5 Bc3 43. Nhf4 Bxe5 44. Rf5 Kd6 45. Kg3 Nc5
46. Kh4 Rh1 47. Kh5 Ne6 48. Kxh6 Bxf4+ 49. Nxf4 Nxf4 50. exf4 Rxh3+ 51. Kg6 d4
52. Rf8 Ke7 53. Ra8 d3 54. Ra4 Re3 55. f5 1-0

[Event "2. BUNDESLIGA MITTE 2014/2015"]
[Site "Fuerstenfeld"]
[Date "2015.04.18"]
[Round "10"]
[Board "3"]
[White "Ruck, Tamas"]
[Black "Hiermann, Dietmar"]
[Result "1-0"]
[WhiteElo "2351"]
[BlackElo "2290"]
[PlyCount "93"]
[EventDate "2014.10.03"]
[EventType "team"]
[EventRounds "11"]
[EventCountry "AUT"]
[WhiteTeam "Union Styria Graz"]
[BlackTeam "Spg. Sauwald"]

1. e4 d5 2. exd5 Qxd5 3. Nc3 Qa5 4. d4 Nf6 5. Nf3 c6 6. Bc4 Bf5 7. Bd2 Qc7 8.
Ne5 e6 9. Qe2 Nbd7 10. O-O-O Nxe5 11. dxe5 Nd5 12. g4 Bg6 13. f4 O-O-O 14. Rhf1
Nxc3 15. Bxc3 Rxd1+ 16. Qxd1 Be4 17. Qd4 Bg2 18. Rg1 Bd5 19. Bxd5 cxd5 20. Qxa7
Bc5 21. Qa8+ Qb8 22. Qxb8+ Kxb8 23. Rg3 Kc7 24. Bd2 b5 25. a3 Kd7 26. Kd1 f6
27. exf6 gxf6 28. Rh3 Bd4 29. c3 Bg1 30. Ke2 Bc5 31. g5 h5 32. gxh6 Rh7 33. Kf3
f5 34. Be3 Bf8 35. Bd4 Ke8 36. Be5 Kf7 37. Ke3 Bxh6 38. Kd4 Kg6 39. Rg3+ Kf7
40. Kc5 Bf8+ 41. Kxb5 Rxh2 42. b4 Be7 43. Rg7+ Kf8 44. Kc6 Re2 45. Rh7 Ra2 46.
b5 Rxa3 47. Rxe7 1-0

[Event "2. BUNDESLIGA MITTE 2014/2015"]
[Site "Fuerstenfeld"]
[Date "2015.04.18"]
[Round "10"]
[Board "4"]
[White "Testor, Sebastian"]
[Black "Wittmann, Walter"]
[Result "1-0"]
[WhiteElo "2286"]
[BlackElo "2170"]
[PlyCount "55"]
[EventDate "2014.10.03"]
[EventType "team"]
[EventRounds "11"]
[EventCountry "AUT"]
[WhiteTeam "Spg. Sauwald"]
[BlackTeam "Union Styria Graz"]

1. d4 d5 2. c4 e6 3. Nc3 Nf6 4. cxd5 Nxd5 5. e4 Nxc3 6. bxc3 c5 7. Nf3 cxd4 8.
cxd4 Bb4+ 9. Bd2 Bxd2+ 10. Qxd2 O-O 11. Bc4 Nd7 12. O-O b6 13. Rfe1 Bb7 14. a4
Rc8 15. Bd3 Qe7 16. a5 Rc7 17. axb6 axb6 18. Qb2 Rfc8 19. Ra7 h6 20. h3 Qf6 21.
Nd2 Qf4 22. g3 Qg5 23. Nc4 Nf6 24. h4 Qg4 25. Ne5 Qh5 26. Be2 Rc1 27. Kf1 Rxe1+
28. Kxe1 1-0

[Event "2. BUNDESLIGA MITTE 2014/2015"]
[Site "Fuerstenfeld"]
[Date "2015.04.18"]
[Round "10"]
[Board "5"]
[White "Manhardt, Thomas"]
[Black "Hellmayr, Alois"]
[Result "1-0"]
[WhiteElo "2246"]
[BlackElo "2237"]
[PlyCount "79"]
[EventDate "2014.10.03"]
[EventType "team"]
[EventRounds "11"]
[EventCountry "AUT"]
[WhiteTeam "Union Styria Graz"]
[BlackTeam "Spg. Sauwald"]

1. e4 c5 2. Nf3 e6 3. g3 Nc6 4. Bg2 Nge7 5. O-O a6 6. a4 g6 7. d4 cxd4 8. Nxd4
Bg7 9. Be3 O-O 10. Nc3 Qc7 11. Nb3 b6 12. Nd5 exd5 13. exd5 Nf5 14. Bf4 Ne5 15.
d6 Qa7 16. Bxe5 Bxe5 17. Qd5 Bxb2 18. Rab1 Rb8 19. Rxb2 Bb7 20. Qd3 Bxg2 21.
Kxg2 Qb7+ 22. Kg1 Qc6 23. Nd4 Nxd4 24. Qxd4 Rfe8 25. Rd1 Re4 26. Qf6 Rbe8 27.
Rbb1 Re2 28. h4 h5 29. Qd4 R2e4 30. Qf6 Rxa4 31. Re1 Rae4 32. Rxe4 Rxe4 33.
Qd8+ Kg7 34. Qc7 Rc4 35. Qxb6 Rxc2 36. Qd4+ Kh7 37. Qf4 Qd5 38. Re1 Rd2 39. Kh2
Qf5 40. Qxd2 1-0

[Event "2. BUNDESLIGA MITTE 2014/2015"]
[Site "Fuerstenfeld"]
[Date "2015.04.18"]
[Round "10"]
[Board "6"]
[White "Taggatz, Mario"]
[Black "Stagl, Marco"]
[Result "1-0"]
[WhiteElo "2193"]
[BlackElo "2104"]
[PlyCount "127"]
[EventDate "2014.10.03"]
[EventType "team"]
[EventRounds "11"]
[EventCountry "AUT"]
[WhiteTeam "Spg. Sauwald"]
[BlackTeam "Union Styria Graz"]

1. d4 d5 2. c4 c6 3. cxd5 cxd5 4. Bf4 Nc6 5. e3 Nf6 6. Nc3 a6 7. Be2 e6 8. Nf3
Bd6 9. Bg3 O-O 10. Rc1 Bxg3 11. hxg3 Qd6 12. Bd3 h6 13. a3 Rd8 14. O-O e5 15.
dxe5 Nxe5 16. Be2 Be6 17. Qd4 Nc6 18. Qd3 Ne5 19. Nxe5 Qxe5 20. Rfd1 Bf5 21.
Qd4 Qe7 22. Bf3 Be4 23. Na4 Rac8 24. Nb6 Rxc1 25. Rxc1 Qd6 26. Rd1 Re8 27. Nxd5
Qxd5 28. Qxd5 Bxd5 29. Bxd5 Nxd5 30. Rxd5 Re7 31. Kf1 f6 32. Ke2 Kf7 33. Rc5
Ke6 34. e4 Kd6 35. Rd5+ Ke6 36. Kd3 Rc7 37. Rd8 Ke7 38. Rg8 Kf7 39. Rb8 Ke6 40.
f4 Kd6 41. Kd4 Re7 42. Rd8+ Kc6 43. e5 Re6 44. Ke4 fxe5 45. fxe5 Kc7 46. Rd3 g6
47. g4 Rb6 48. b4 a5 49. bxa5 Ra6 50. Rd5 Rc6 51. Kd4 Re6 52. Rb5 h5 53. Rb6
Re7 54. Rxg6 hxg4 55. Rxg4 Kc6 56. Rg6+ Kb5 57. Kd5 Rc7 58. e6 Kxa5 59. Kd6 Rc2
60. Rg5+ Kb6 61. e7 Rc6+ 62. Kd7 Rc7+ 63. Kd8 Rc8+ 64. Kxc8 1-0

[Event "2. BUNDESLIGA MITTE 2014/2015"]
[Site "Fuerstenfeld"]
[Date "2015.04.18"]
[Round "10"]
[Board "1"]
[White "Hera, Imre"]
[Black "Gonda, Laszlo"]
[Result "1/2-1/2"]
[WhiteElo "2590"]
[BlackElo "2548"]
[PlyCount "61"]
[EventDate "2014.10.03"]
[EventType "team"]
[EventRounds "11"]
[EventCountry "AUT"]
[WhiteTeam "Spg.Sparkasse Fuerstenfeld/Hartberg"]
[BlackTeam "ASK St. Valentin"]

1. Nf3 Nc6 2. e4 e5 3. Bb5 Nf6 4. O-O Nxe4 5. Re1 Nd6 6. Nxe5 Be7 7. Bf1 Nxe5
8. Rxe5 O-O 9. d4 Bf6 10. Re1 Re8 11. c3 Rxe1 12. Qxe1 Ne8 13. Bf4 d5 14. Bd3
g6 15. Nd2 Ng7 16. Qe2 c6 17. Re1 Bf5 18. Bxf5 Nxf5 19. Nf3 Ng7 20. Be5 Ne6 21.
Bxf6 Qxf6 22. Ne5 Re8 23. Ng4 Qd8 24. Qe5 Ng7 25. Qxe8+ Nxe8 26. Rxe8+ Qxe8 27.
Nf6+ Kf8 28. Nxe8 Kxe8 29. f4 Ke7 30. Kf2 f5 31. Ke3 1/2-1/2

[Event "2. BUNDESLIGA MITTE 2014/2015"]
[Site "Fuerstenfeld"]
[Date "2015.04.18"]
[Round "10"]
[Board "2"]
[White "Flumbort, Andras"]
[Black "Poetz, Florian"]
[Result "1-0"]
[WhiteElo "2462"]
[BlackElo "2390"]
[PlyCount "105"]
[EventDate "2014.10.03"]
[EventType "team"]
[EventRounds "11"]
[EventCountry "AUT"]
[WhiteTeam "ASK St. Valentin"]
[BlackTeam "Spg.Sparkasse Fuerstenfeld/Hartberg"]

1. d4 Nf6 2. c4 c5 3. d5 e6 4. Nc3 exd5 5. cxd5 d6 6. e4 g6 7. h3 Bg7 8. Nf3
O-O 9. Bd3 a6 10. a4 Nbd7 11. O-O Nh5 12. Bg5 Bf6 13. Bh6 Bg7 14. Bg5 Bf6 15.
Be3 Re8 16. Nd2 Bd4 17. Bxd4 cxd4 18. Ne2 Ne5 19. Ra3 Bd7 20. f4 Nxd3 21. Rxd3
f5 22. Rxd4 Nf6 23. Ng3 fxe4 24. Ndxe4 Nxe4 25. Nxe4 Qe7 26. Nc3 Rac8 27. Kh2
Qf6 28. Ne4 Qe7 29. Qb3 b5 30. axb5 Bxb5 31. Rf2 Rc1 32. Qe3 Rcc8 33. Qa3 Red8
34. Qg3 Rc4 35. Rxc4 Bxc4 36. Nc3 Qe1 37. f5 Rf8 38. Rf4 Qxg3+ 39. Kxg3 Bd3 40.
fxg6 Bxg6 41. Rxf8+ Kxf8 42. Kf4 Bd3 43. g4 Kf7 44. Ne4 Ke7 45. g5 Bc4 46. Nf6
Bd3 47. h4 a5 48. Ke3 Bb1 49. h5 Kf7 50. Ne4 Ke7 51. h6 Kf7 52. Nxd6+ Kg6 53.
Kf4 1-0

[Event "2. BUNDESLIGA MITTE 2014/2015"]
[Site "Fuerstenfeld"]
[Date "2015.04.18"]
[Round "10"]
[Board "3"]
[White "Freitag, Manfred"]
[Black "Hajnal, Zoltan"]
[Result "0-1"]
[WhiteElo "2379"]
[BlackElo "2350"]
[PlyCount "116"]
[EventDate "2014.10.03"]
[EventType "team"]
[EventRounds "11"]
[EventCountry "AUT"]
[WhiteTeam "Spg.Sparkasse Fuerstenfeld/Hartberg"]
[BlackTeam "ASK St. Valentin"]

1. d4 d5 2. c4 c6 3. Nf3 Nf6 4. Nc3 dxc4 5. a4 Bf5 6. Ne5 e6 7. f3 c5 8. e4 Bg6
9. Be3 cxd4 10. Qxd4 Qxd4 11. Bxd4 Nfd7 12. Nxd7 Nxd7 13. Bxc4 a6 14. Rc1 Rg8
15. h4 h5 16. Ne2 Bd6 17. Be3 Ne5 18. Nf4 Rc8 19. Bb3 Rxc1+ 20. Bxc1 Ke7 21.
Ke2 Rb8 22. Rd1 b5 23. a5 Bc5 24. Bd2 b4 25. Ba4 f6 26. Rc1 Bd6 27. Be3 Bf7 28.
Bb6 g5 29. hxg5 fxg5 30. Nd3 Nxd3 31. Kxd3 Be8 32. Bxe8 Kxe8 33. Be3 Kd7 34.
Rh1 h4 35. Bxg5 Rb5 36. f4 Rxa5 37. Rxh4 Ra1 38. f5 exf5 39. exf5 Rf1 40. Rh7+
Kc6 41. f6 Kd5 42. Rd7 Ke6 43. Ra7 Rf5 44. Bh4 a5 45. Ra6 Rd5+ 46. Ke4 Re5+ 47.
Kf4 Rd5+ 48. Kg4 Kf7 49. Ra7+ Ke6 50. Bg5 b3 51. g3 Rd4+ 52. Kh5 a4 53. f7 a3
54. bxa3 b2 55. Rb7 Rb4 56. axb4 b1=Q 57. Rb6 Qd1+ 58. Kg6 Qd3+ 0-1

[Event "2. BUNDESLIGA MITTE 2014/2015"]
[Site "Fuerstenfeld"]
[Date "2015.04.18"]
[Round "10"]
[Board "4"]
[White "Sandhoefner, Florian"]
[Black "Kuba, Guenter"]
[Result "1/2-1/2"]
[WhiteElo "2336"]
[BlackElo "2374"]
[PlyCount "58"]
[EventDate "2014.10.03"]
[EventType "team"]
[EventRounds "11"]
[EventCountry "AUT"]
[WhiteTeam "ASK St. Valentin"]
[BlackTeam "Spg.Sparkasse Fuerstenfeld/Hartberg"]

1. e4 e5 2. Nf3 Nc6 3. Nc3 Nf6 4. d4 exd4 5. Nxd4 Bb4 6. Nxc6 bxc6 7. Bd3 d6 8.
Bg5 h6 9. Bh4 Qe7 10. O-O g5 11. Bg3 h5 12. e5 Bxc3 13. bxc3 h4 14. exf6 Qxf6
15. Bxd6 cxd6 16. f4 g4 17. Qd2 Kf8 18. f5 g3 19. h3 Rb8 20. Qf4 Rh5 21. Rae1
Rb6 22. a4 Bd7 23. a5 Rb2 24. Rb1 Rxb1 25. Rxb1 Kg7 26. Qg4+ Kh6 27. Qf4+ Kg7
28. Qg4+ Kh6 29. Qf4+ Kg7 1/2-1/2

[Event "2. BUNDESLIGA MITTE 2014/2015"]
[Site "Fuerstenfeld"]
[Date "2015.04.18"]
[Round "10"]
[Board "5"]
[White "Radnetter, Georg"]
[Black "Theuretzbacher, Klaus"]
[Result "1-0"]
[WhiteElo "2256"]
[BlackElo "2240"]
[PlyCount "57"]
[EventDate "2014.10.03"]
[EventType "team"]
[EventRounds "11"]
[EventCountry "AUT"]
[WhiteTeam "Spg.Sparkasse Fuerstenfeld/Hartberg"]
[BlackTeam "ASK St. Valentin"]

1. Nf3 b5 2. e3 a6 3. d4 Bb7 4. Bd3 Nf6 5. O-O e6 6. a4 b4 7. c4 bxc3 8. bxc3
c5 9. Ba3 d6 10. Nbd2 Nbd7 11. e4 Qc7 12. Qe2 Be7 13. Rfb1 O-O 14. dxc5 Nxc5
15. Bxc5 dxc5 16. Nc4 Ra7 17. Rb6 Rd8 18. a5 Qf4 19. g3 Qc7 20. Nce5 Bd6 21.
Nxf7 Qxf7 22. Ng5 Qh5 23. Qxh5 Nxh5 24. Nxe6 Rd7 25. Bc4 Kh8 26. Rd1 Bxe4 27.
Rdxd6 Nf6 28. Rb8+ Ng8 29. Ng5 1-0

[Event "2. BUNDESLIGA MITTE 2014/2015"]
[Site "Fuerstenfeld"]
[Date "2015.04.18"]
[Round "10"]
[Board "6"]
[White "Heimberger, Reinhard"]
[Black "Stradner, Stefan"]
[Result "1-0"]
[WhiteElo "2254"]
[BlackElo "2190"]
[PlyCount "109"]
[EventDate "2014.10.03"]
[EventType "team"]
[EventRounds "11"]
[EventCountry "AUT"]
[WhiteTeam "ASK St. Valentin"]
[BlackTeam "Spg.Sparkasse Fuerstenfeld/Hartberg"]

1. g3 Nf6 2. Bg2 g6 3. e4 d6 4. Ne2 c5 5. O-O Bg7 6. c4 Nc6 7. Nbc3 O-O 8. h3
Ne8 9. d3 Nc7 10. f4 Ne6 11. g4 Ned4 12. Be3 a6 13. Qd2 Rb8 14. Rac1 b5 15. f5
Qa5 16. b3 Nxe2+ 17. Nxe2 Qxd2 18. Bxd2 Ne5 19. Nf4 e6 20. Rcd1 exf5 21. exf5
gxf5 22. g5 Ng6 23. Nd5 Bb7 24. Nf6+ Bxf6 25. gxf6 Bxg2 26. Kxg2 Rfe8 27. Kg3
f4+ 28. Bxf4 Nxf4 29. Rxf4 Re3+ 30. Kh4 Rbe8 31. Rg1+ Kh8 32. Rg7 Rf8 33. d4
bxc4 34. bxc4 cxd4 35. Rxd4 Re6 36. Rf4 Rxf6 37. Rxh7+ Kxh7 38. Rxf6 Rc8 39.
Rxf7+ Kg6 40. Rf4 Rc5 41. Rd4 Kf7 42. Kg4 Ke7 43. h4 Ra5 44. Re4+ Kf7 45. Rf4+
Kg7 46. Rd4 Rxa2 47. Rxd6 Rc2 48. Rc6 a5 49. Kf5 Rf2+ 50. Ke5 Rh2 51. Rc7+ Kg6
52. Ra7 Rxh4 53. c5 Rh5+ 54. Kd6 Kf5 55. c6 1-0

[Event "2. BUNDESLIGA MITTE 2014/2015"]
[Site "Fuerstenfeld"]
[Date "2015.04.18"]
[Round "10"]
[Board "1"]
[White "Huber, Martin Christian"]
[Black "Burlacu, Bogdan"]
[Result "1-0"]
[WhiteElo "2241"]
[BlackElo "2309"]
[PlyCount "39"]
[EventDate "2014.10.03"]
[EventType "team"]
[EventRounds "11"]
[EventCountry "AUT"]
[WhiteTeam "Schachfreunde Graz"]
[BlackTeam "Union Hartkirchen - Sektion Schach"]

1. d4 Nf6 2. c4 g6 3. Nc3 Bg7 4. e4 d6 5. Nf3 O-O 6. Be2 Nbd7 7. O-O e5 8. Be3
Qe7 9. dxe5 dxe5 10. Nd5 Qd8 11. Qc2 c6 12. Nxf6+ Bxf6 13. Rfd1 Qe7 14. c5 Re8
15. Nd2 Nf8 16. Nc4 Be6 17. Nd6 Red8 18. b4 Rd7 19. a4 a6 20. Qb1 1-0